000 00571nam a2200217Ia 4500
003 OSt
005 20220510093135.0
008 210210b2007 xxu||||| |||| 00| 0 eng d
040 _aAL
_c
041 _aeng
082 _a658.001 KALB
100 _aKALLURAYA (P Shripathi)
_935299
245 _aBusiness economics
_bFor III semester BBM
260 _aMangalore
_bMangala Publications.
_c2007
300 _avi,194
650 _aeconomics
_935304
690 _aBusiness Economics
_935307
700 _aNAYAK (Jayavantha)
_935308
906 _a062068
942 _2ddc
_cBK
999 _c116739
_d116739